Blink of an eye / (Record no. 50)
[ view plain ]
| 000 -LEADER | |
|---|---|
| fixed length control field | 01525cam a22003133a 4500 |
| 005 - DATE AND TIME OF LATEST TRANSACTION | |
| control field | 20260322212004.0 |
| 007 - PHYSICAL DESCRIPTION FIXED FIELD--GENERAL INFORMATION | |
| fixed length control field | data |
| 008 - FIXED-LENGTH DATA ELEMENTS--GENERAL INFORMATION | |
| fixed length control field | data |
| 010 ## - LIBRARY OF CONGRESS CONTROL NUMBER | |
| LC control number | 2013658206 |
| 020 ## - INTERNATIONAL STANDARD BOOK NUMBER | |
| International Standard Book Number | 9781599953137 (pbk.) |
| 020 ## - INTERNATIONAL STANDARD BOOK NUMBER | |
| International Standard Book Number | 1599953137 (pbk.) |
| 024 10 - OTHER STANDARD IDENTIFIER | |
| Standard number or code | 070993007997 |
| 040 ## - CATALOGING SOURCE | |
| Original cataloging agency | ON8 |
| Transcribing agency | ON8 |
| Modifying agency | DLC |
| -- | BTCTA |
| -- | ZAC |
| -- | BDX |
| -- | CNAHP |
| -- | DLC |
| 042 ## - AUTHENTICATION CODE | |
| Authentication code | lccopycat |
| 050 00 - LIBRARY OF CONGRESS CALL NUMBER | |
| Classification number | CPB Box no. 3716 vol. 7 |
| 099 ## - LOCAL FREE-TEXT CALL NUMBER (OCLC) | |
| Classification number | DEKKET |
| 001 - CONTROL NUMBER | |
| control field | data |
| 100 1# - MAIN ENTRY--PERSONAL NAME | |
| Personal name | Dekker, Ted, |
| Dates associated with a name | 1962- |
| 245 10 - TITLE STATEMENT | |
| Title | Blink of an eye / |
| Statement of responsibility, etc. | Ted Dekker & Copyright Paperback Collection (Library of Congress). |
| 250 ## - EDITION STATEMENT | |
| Edition statement | 1st mass-market ed. |
| 260 ## - PUBLICATION, DISTRIBUTION, ETC. | |
| Place of publication, distribution, etc. | New York : |
| Name of publisher, distributor, etc. | Center Street, |
| Date of publication, distribution, etc. | 2011, c2007. |
| 300 ## - PHYSICAL DESCRIPTION | |
| Extent | 421 p. ; |
| Dimensions | 18 cm. |
| 490 0# - SERIES STATEMENT | |
| Series statement | Center Street fiction |
| 520 ## - SUMMARY, ETC. | |
| Summary, etc. | Seth Borders has one of the world's highest IQs. Now he's suddenly struck by an incredible power, the ability to see multiple potential futures. Then Seth stumbles upon Miriam, a beautiful Saudi Arabian princess who has fled her veiled existence to escape a forced marriage. Cultures collide as Seth and Miriam are thrown together and forced to run from forces determined to kidnap or kill Miriam. An intoxicating tale set amidst the shifting sands of the Middle East and the back roads of America, Blink engages issues as ancient as the earth itself, and as current as today's headlines. |
| 650 #0 - SUBJECT ADDED ENTRY--TOPICAL TERM | |
| Topical term or geographic name entry element | Muslim women |
| General subdivision | Social conditions |
| Form subdivision | Fiction. |
| 650 #0 - SUBJECT ADDED ENTRY--TOPICAL TERM | |
| Topical term or geographic name entry element | Precognition |
| Form subdivision | Fiction. |
| 655 #7 - INDEX TERM--GENRE/FORM | |
| Genre/form data or focus term | Suspense fiction. |
| Source of term | gsafd |
| 710 2# - ADDED ENTRY--CORPORATE NAME | |
| Corporate name or jurisdiction name as entry element | Copyright Paperback Collection (Library of Congress) |
| Institution to which field applies | DLC |
| Withdrawn status | Lost status | Damaged status | Not for loan | Home library | Current library | Shelving location | Date acquired | Total checkouts | Full call number | Barcode | Date last seen | Price effective from | Koha item type |
|---|---|---|---|---|---|---|---|---|---|---|---|---|---|
| Centerville | Centerville | General stacks | 22/03/2026 | CPB Box no. 3716 vol. 7 | BC0010050 | 22/03/2026 | 22/03/2026 | Books |